[Event "OMA-chT"]
[Site "Muscat"]
[Date "2020.01.27"]
[Round "3.12"]
[White "Al Farsi, Aziz"]
[Black "Al Kathiri, Musallam Mustahil"]
[Result "1-0"]
[WhiteElo "1436"]
[BlackElo "1606"]
[PlyCount "64"]
[EventDate "2020.01.25"]
[EventType "team-swiss"]
[EventRounds "9"]
[EventCountry "OMN"]
[SourceTitle "CBM 194 Extra"]
[Source "ChessBase"]
[SourceDate "2020.03.31"]
[SourceVersion "1"]
[SourceVersionDate "2020.03.31"]
[SourceQuality "1"]

1. d4 d5 2. c4 Nf6 3. Nc3 dxc4 4. Qa4+ Nc6 5. e3 e6 6. Bxc4 Be7 7. Nf3 0-0 8. Qd1 Nb4 9. a3 Nbd5 10. 0-0 b6 11. e4 Nxc3 12. bxc3 Nxe4 13. Qd3 Bb7 14. Re1 Ng5 15. Ne5 a6 16. h4 b5 17. Ba2 f6 18. hxg5 fxe5 19. Bxe6+ Kh8 20. Rxe5 Qd6 21. Qh3 g6 22. Qg3 Rad8 23. Bf4 Qb6 24. Re2 h5 25. gxh6 Kh7 26. Bb3 Bd6 27. Re6 Rg8 28. Rae1 Qc6 29. Bxd6 cxd6 30. Re7+ Kh8 31. Bxg8 Rxg8 32. Rf7 Bc8 1-0